| 000 | 00440cam a2200181ua 4500 | ||
|---|---|---|---|
| 020 | _c2.00 | ||
| 041 |
_ahin _h |
||
| 082 |
_a891.54 _bTAR/SA |
||
| 100 | _aTarashanakar, Vandyopadhyay . | ||
| 245 |
_aSaptpati / _cTara Shankar Vandyopadyay. _hTextual Documents |
||
| 250 |
_a1 / _b. |
||
| 260 |
_aDelhi : _bRajkamal Prakash , _c1959. |
||
| 300 | _a102 ; . | ||
| 365 | _a2.00 | ||
| 504 | _a | ||
| 942 | _cBK | ||
| 999 |
_c8130 _d8130 |
||